Модели ядер. Коллективные и одночастные явления: перевод с английского

Մատենագիտական մանրամասներ
Հիմնական հեղինակ: Айзенберг И. М. Иуда М.
Այլ հեղինակներ: Грайнер В. Вальтер
Լեզու:ռուսերեն
Հրապարակվել է: Москва, Атомиздат, 1975
Խորագրեր:
Ձևաչափ: MixedMaterials Գիրք
KOHA link:https://koha.lib.tpu.ru/cgi-bin/koha/opac-detail.pl?biblionumber=69109

MARC

LEADER 00000nam0a2200000 4500
001 69109
005 20231031075427.0
035 |a (RuTPU)RU\TPU\book\73605 
090 |a 69109 
100 |a 20041019d1975 k y0rusy50 ca 
101 1 |a rus  |c eng 
102 |a RU 
105 |a a z 001zy 
200 1 |a Модели ядер. Коллективные и одночастные явления  |e перевод с английского  |f И. М. Айзенберг, В. Грайнер 
210 |a Москва  |c Атомиздат  |d 1975 
215 |a 456 с.  |c ил.  |e черт. 
320 |a Библиогр.: с. 440-450. 
320 |a Алфавитно-предметный указатель: с. 451-454. 
610 1 |a атомное ядро 
610 1 |a модели 
610 1 |a сферические ядра 
610 1 |a деформируемые ядра 
610 1 |a одночастичные модели 
610 1 |a феноменологические модели 
610 1 |a коллективные модели 
610 1 |a резонанс 
610 1 |a тяжелые ионы 
610 1 |a рассеяние 
675 |a 539.142  |v 3 
700 1 |a Айзенберг  |b И. М.  |g Иуда М. 
701 1 |a Грайнер  |b В.  |g Вальтер 
801 1 |a RU  |b 63413507  |c 20041019  |g PSBO 
801 2 |a RU  |b 63413507  |c 20051018  |g PSBO 
942 |c BK